000 01100nam a2200217Ia 4500
001 232.4-SAG st (17700)
003 IT-MiSPE
008 171229s9999||||xx |||||||||||||| ||und||
040 _aIT-MiSPE
_cIT-MiSPE
041 _aITALIANO
100 _aAmédée (Teetaert) da Zedelgem
245 0 _aSaggio storico sulla devozione alla Via Crucis
_bEvocazione e rappresentazione degli episodi e dei luoghi della Passione di Cristo: Saggi introduttivi
250 _a1a ed. (v)
260 _aCrea (AL)
_bCentro di Documentazione dei Sacri Monti
_c2004
300 _a150 p.
_c29 cm
500 _aVia Crucis
501 _aEdizioni San Paolo srl - Piazza Soncino, 5 - 20092 CINISELLO BALSAMO (MI) (non commercial uses only) ® Copyright 2018
942 _cBK
957 _71
999 _a4091
_bNO
_g Copie: 1
_c340365
_d340365